Statistics for Faroe Islands Map Quiz

Click here to take the quiz!

General Stats

  • This quiz has been taken 842 times
  • The average score is 9 of 18

Answers on the Map

Answers color-coded by a green-red scale on the quiz's map according to % correct below.
 

Answer Stats

Answer% Correct
Streymoy
64%
Eysturoy
63%
Suðuroy
63%
Vágar
61%
Lítla Dímun
57%
Sandoy
57%
Mykines
56%
Borðoy
52%
Stóra Dímun
50%
Koltur
46%
Nólsoy
45%
Kalsoy
44%
Fugloy
43%
Hestur
42%
Kunoy
41%
Svínoy
38%
Skúvoy
36%
Viðoy
34%

Score Distribution

Percentile by Number Answered

Percent of People with Each Score

Your Score History

You have not taken this quiz